[Event "Challenge"]
[Site "http://www.queenalice.com/game.php?id=583778"]
[Date "2009.5.6"]
[Round "-"]
[White "davidgk"]
[Black "eldalai"]
[Result "1-0"]
[WhiteElo "1624"]
[BlackElo "1528"]

1. d4 d5 2. Nf3 Nc6 3. e3 Bg4 4. c4 e6 5. Be2 Nf6 6. O-O Bxf3 7. Bxf3 dxc4 8.
Nc3 Bb4 9. a3 Bxc3 10. bxc3 Na5 11. Qa4+ Nc6 12. Bxc6+ bxc6 13. Qxc6+ Nd7 14.
Qxc4 Nb6 15. Qb3 O-O 16. e4 Rb8 17. Qd1 Nc4 18. Qe2 Na5 19. Be3 Qe7 20. d5 Rb7
21. Rfb1 Rfb8 22. Rxb7 Rxb7 23. Qa6 c6 24. Qxa5 Qxa3 25. Qxa3 h6 26. dxc6 1-0

[Event "Challenge"]
[Site "http://www.queenalice.com/game.php?id=584427"]
[Date "2009.5.7"]
[Round "-"]
[White "matheus3791"]
[Black "davidgk"]
[Result "0-1"]
[WhiteElo "1693"]
[BlackElo "1507"]

1. e4 e5 2. Nf3 Nc6 3. Bb5 a6 4. Bxc6 dxc6 5. Nxe5 Qe7 6. d4 f6 7. Ng4 Qxe4+ 8.
Ne3 Be6 9. O-O O-O-O 10. Re1 Ne7 11. Nf1 Qd5 12. Re3 Nf5 13. Qe1 Nxe3 14. Nxe3
Qxd4 15. c3 Qe5 16. Nd1 Qxe1# 0-1

[Event "Challenge"]
[Site "http://www.queenalice.com/game.php?id=584919"]
[Date "2009.5.7"]
[Round "-"]
[White "Omar"]
[Black "davidgk"]
[Result "0-1"]
[WhiteElo "1361"]
[BlackElo "1423"]

1. e4 e5 2. Nf3 Nc6 3. a3 Nf6 4. d3 g6 5. Nc3 Bg7 6. h3 O-O 7. Nh2 Nd4 8. Ng4 d6
9. Nh6+ Kh8 10. Nxf7+ Rxf7 11. Ne2 Nxe2 12. Bxe2 c6 13. b4 d5 14. exd5 Nxd5 15.
Rb1 Nc3 16. Qd2 Nxb1 17. Qe3 Nc3 18. Bg4 e4 19. O-O Nd5 20. Qe1 Bxg4 21. hxg4
Bd4 22. Be3 Bxe3 23. fxe3 Rxf1+ 24. Kxf1 exd3 25. cxd3 Qf6+ 26. Kg1 Re8 27. e4
Qd4+ 28. Kh1 Qxd3 29. Qf2 Nc3 30. Qf6+ Kg8 31. g5 Nxe4 32. Kh2 Nxf6 33. g3 Ng4+
34. Kh3 Nf2+ 35. Kh4 Qf5 36. a4 Qg4# 0-1

[Event "AUTO-INT-1302"]
[Site "http://www.queenalice.com/game.php?id=585980"]
[Date "2009.5.10"]
[Round "1"]
[White "rocrico"]
[Black "davidgk"]
[Result "1-0"]
[WhiteElo "1625"]
[BlackElo "1495"]

1. e3 g6 2. d3 Nf6 3. Nc3 Bg7 4. Nf3 Nc6 5. e4 e5 6. Be2 O-O 7. O-O b6 8. Nh4
Nd4 9. Be3 Nxe2+ 10. Qxe2 Nxe4 11. Nxe4 Qxh4 12. g3 Qe7 13. Ng5 d6 14. Qf3 Bh6
15. Qxa8 Bh3 16. Qd5 Bxf1 17. Kxf1 Bxg5 18. f4 Bf6 19. f5 1-0

[Event "AUTO-INT-1302"]
[Site "http://www.queenalice.com/game.php?id=585981"]
[Date "2009.5.10"]
[Round "1"]
[White "davidgk"]
[Black "rocrico"]
[Result "0-1"]
[WhiteElo "1520"]
[BlackElo "1613"]

1. e4 e6 2. Nf3 d6 3. Nc3 Nc6 4. d4 Nf6 5. g3 d5 6. exd5 Nb4 7. a3 Nbxd5 8. Nxd5
Qxd5 9. Bg2 Qa5+ 10. Bd2 Qd5 11. O-O Bd6 12. Qe2 Qh5 13. Rfe1 e5 14. Nxe5 Ng4
15. Nxg4+ Be6 16. Nf6+ gxf6 17. Qxh5 O-O-O 18. Qf3 c6 19. Qc3 Kd7 20. Rad1 Bg4
0-1

[Event "AUTO-INT-1302"]
[Site "http://www.queenalice.com/game.php?id=585994"]
[Date "2009.5.10"]
[Round "1"]
[White "carpielo"]
[Black "davidgk"]
[Result "0-1"]
[WhiteElo "1671"]
[BlackElo "1406"]

1. e4 e5 2. Qf3 Nf6 3. Bc4 g6 4. d3 Bg7 5. Nc3 Nc6 6. Nge2 a6 7. Nd5 Nd4 8. Nxd4
exd4 9. e5 Nxd5 10. Bxd5 O-O 11. O-O c6 12. Bb3 Qe7 13. Qe4 Qxe5 14. Qxe5 Bxe5
15. g3 d5 16. Bd2 Re8 17. Rae1 Bd7 18. c3 Bh3 19. f4 Bxf1 20. fxe5 Bxd3 21. cxd4
Rad8 22. Rd1 Be2 23. Re1 Bc4 24. Bg5 Rc8 25. Bf6 Bxb3 26. axb3 Re6 27. h4 h5 28.
b4 b6 29. Kf2 c5 30. bxc5 bxc5 31. Rc1 c4 32. Ke3 a5 33. b3 Kf8 34. Ra1 cxb3 35.
Rxa5 Rb8 0-1

[Event "AUTO-INT-1302"]
[Site "http://www.queenalice.com/game.php?id=586004"]
[Date "2009.5.10"]
[Round "1"]
[White "davidgk"]
[Black "Romanov"]
[Result "0-1"]
[WhiteElo "1474"]
[BlackElo "1597"]

1. e4 e5 2. Nf3 Nc6 3. g3 b6 4. d3 Bb7 5. Nc3 h6 6. Bg2 Bb4 7. a3 Bxc3+ 8. bxc3
Qe7 9. O-O g5 10. d4 g4 11. Nxe5 Nxe5 12. dxe5 Qxe5 13. Bf4 Qg7 14. Qd3 h5 15.
Bxc7 h4 16. Qd4 Qxd4 17. cxd4 Rc8 18. Bf4 h3 0-1

[Event "AUTO-INT-1302"]
[Site "http://www.queenalice.com/game.php?id=586005"]
[Date "2009.5.10"]
[Round "1"]
[White "Romanov"]
[Black "davidgk"]
[Result "1-0"]
[WhiteElo "1615"]
[BlackElo "1668"]

1. d4 g6 2. d5 d6 3. Qd4 Nf6 4. h3 Bg7 5. g4 c5 6. Qd3 b6 7. g5 Nfd7 8. h4 Ne5
9. Qd1 O-O 10. h5 Bb7 11. hxg6 fxg6 12. Nc3 Qd7 13. Bh3 Qc7 14. Be6+ Kh8 15. Qd2
Bc8 16. f4 Bxe6 17. dxe6 Nbc6 18. e3 Nc4 19. Qh2 1-0

[Event "AUTO-OPEN-1547"]
[Site "http://www.queenalice.com/game.php?id=586073"]
[Date "2009.5.10"]
[Round "1"]
[White "davidgk"]
[Black "JAmaro"]
[Result "0-1"]
[WhiteElo "1534"]
[BlackElo "1779"]

1. e4 e5 2. Nf3 Nc6 3. g3 g6 4. Nc3 Bg7 5. Bg2 Nf6 6. O-O b6 7. d4 d5 8. exd5
Nxd5 9. Nxe5 Bb7 10. Nxc6 Bxc6 11. Qe2+ Kf8 12. Nxd5 Bxd5 13. Bxd5 Qxd5 14. c3
Re8 15. Qd3 Bf6 16. Bh6+ Bg7 17. Bxg7+ Kxg7 18. c4 Qg5 19. Qc3 h5 20. Rfe1 Rxe1+
21. Rxe1 h4 22. Qe3 Qxe3 23. Rxe3 h3 24. d5 Rd8 0-1

[Event "AUTO-OPEN-1547"]
[Site "http://www.queenalice.com/game.php?id=586074"]
[Date "2009.5.10"]
[Round "1"]
[White "JAmaro"]
[Black "davidgk"]
[Result "1-0"]
[WhiteElo "1772"]
[BlackElo "1552"]

1. d4 g6 2. b3 Nf6 3. Bb2 d5 4. g3 Bg7 5. e3 O-O 6. h3 e6 7. g4 Ne4 8. Qe2 Nc6
9. f3 Ng3 10. Qh2 Nxf1 11. Kxf1 Re8 12. h4 h6 13. g5 Qd6 14. f4 f5 15. Nf3 Nb4
16. a3 Nc6 17. h5 Ne7 18. gxh6 Bxh6 19. hxg6 Bg7 20. Qh7+ Kf8 21. Nc3 Ng8 22.
Ne5 b6 23. Ne2 1-0

[Event "Invitation"]
[Site "http://www.queenalice.com/game.php?id=592035"]
[Date "2009.5.22"]
[Round "-"]
[White "davidgk"]
[Black "Omar"]
[Result "0-1"]
[WhiteElo "1611"]
[BlackElo "1481"]

1. e4 e6 2. Nf3 d6 3. Nc3 a6 4. g3 h6 5. b3 Nf6 6. d4 Nc6 7. Bb2 e5 8. dxe5 dxe5
9. Qxd8+ Nxd8 10. Nxe5 Ng4 11. Nxg4 Bxg4 0-1

[Event "Challenge"]
[Site "http://www.queenalice.com/game.php?id=602858"]
[Date "2009.6.13"]
[Round "-"]
[White "mpustil"]
[Black "davidgk"]
[Result "1-0"]
[WhiteElo "1471"]
[BlackElo "1428"]

1. Nc3 e5 2. a3 Nc6 3. Nf3 g6 4. g4 Bg7 5. e4 d6 6. h3 b6 7. Nd5 Nge7 8. Nxe7
Nxe7 9. Bb5+ Bd7 10. Bc4 O-O 11. d3 1-0